[Event "Luzern ol (Men)"]
[Site "Luzern"]
[Date "1982.??.??"]
[Round "5"]
[White "Portisch, Lajos"]
[Black "Garcia Gonzales, Guillermo"]
[Result "1-0"]
[WhiteElo "2625"]
[BlackElo "2500"]

1.c4 Nf6 2.Nc3 c5 3.Nf3 b6 4.d4 cxd4 5.Nxd4 Bb7 6.f3 g6 7.e4 Nc6 8.Be3 Bg7
9.Be2 O-O 10.O-O d6 11.Qd2 Qd7 12.Ndb5 Rfc8 13.Rac1 a6 14.Na3 Qd8 15.Rfd1 Rab8
16.f4 Ba8 17.Bf3 Qe8 18.Qe2 Bf8 19.Nd5 Nd7 20.Bf2 e6 21.Ne3 Qe7 22.Nb1 Bg7
23.Nf1 Nc5 24.Nc3 Rd8 25.Be3 Qf8 26.Ng3 Bf6 27.Rd2 Qg7 28.Qd1 e5 29.f5 Nd4
30.fxg6 hxg6 31.Nd5 Bxd5 32.cxd5 a5 33.Ne2 Nxe2+ 34.Qxe2 Qf8 35.Rdc2 Bg7
36.Qd2 Kh7 37.g4 f6 38.Bg2 Bh6 39.Rf1 Bxe3+ 40.Qxe3 Qe7 41.Rcf2 Rf8 42.h4 Kg7
43.h5 g5 44.Kh2 b5 45.Rxf6 Qxf6 46.Rxf6 Kxf6 47.Qf2+ Kg7 48.Qd2 Kh6 49.Qxa5 Rf6
50.Qc7 Ra8 51.Qb6 Nd3 52.Qxb5 Ne1 53.Bh1 Rc8 54.Qd7 Rc2+ 55.Kg3 Rcf2 56.Qd8 Kh7
57.Qc7+ Kh6 58.Qb8  1-0

[Event "Luzern ol (Men)"]
[Site "Luzern"]
[Date "1982.??.??"]
[Round "5"]
[White "Pfleger, Helmut"]
[Black "Partos, Charles"]
[Result "1/2-1/2"]
[WhiteElo "2505"]
[BlackElo "2410"]

1.Nf3 c5 2.c4 Nf6 3.Nc3 e6 4.g3 b6 5.Bg2 Bb7 6.O-O Be7 7.b3 O-O 8.Bb2 d5
9.cxd5 Nxd5 10.d4 Nxc3 11.Bxc3 Nd7 12.Rc1 Rc8 13.e3 Rc7 14.Qe2 Qa8 15.Rfd1 cxd4
16.Bxd4 Rfc8 17.Rxc7 Rxc7 18.Ne1 Bxg2 19.Nxg2 Bf6 20.Bxf6 Nxf6 21.Qf3 Qc8
22.Nf4 Rc1 23.Rxc1 Qxc1+ 24.Kg2 Qc8 25.h3 h6 26.g4 a5 27.Qd1  1/2-1/2

[Event "Luzern ol (Men)"]
[Site "Luzern"]
[Date "1982.??.??"]
[Round "8"]
[White "Hulak, Krunoslav"]
[Black "Garcia Martinez, Silvino"]
[Result "1/2-1/2"]
[WhiteElo "2495"]
[BlackElo "2440"]

1.c4 Nf6 2.Nc3 c5 3.Nf3 b6 4.d4 cxd4 5.Nxd4 Bb7 6.f3 g6 7.e4 Nc6 8.Be3 Bg7
9.Be2 O-O 10.O-O e6 11.Qd2 d5 12.Nxc6 Bxc6 13.cxd5 exd5 14.e5 Nd7 15.f4 Nc5
16.Bxc5 bxc5 17.Bf3 f6 18.e6 f5 19.Nxd5 Bd4+ 20.Kh1 Re8 21.Ne7+ Rxe7 22.Bxc6 Rb8  1/2-1/2

[Event "Luzern ol (Men)"]
[Site "Luzern"]
[Date "1982.??.??"]
[Round "9"]
[White "Gheorghiu, Florin"]
[Black "Unzicker, Wolfgang"]
[Result "1/2-1/2"]
[WhiteElo "2535"]
[BlackElo "2465"]

1.c4 Nf6 2.Nc3 c5 3.Nf3 e6 4.g3 Nc6 5.Bg2 d5 6.cxd5 Nxd5 7.O-O Be7 8.d4 O-O
9.e4 Ndb4 10.d5 exd5 11.exd5 Nd4 12.a3 Nxd5 13.Nxd4 Nxc3 14.bxc3 cxd4 15.cxd4 Rb8
16.Rb1 b5 17.Qd3 a6 18.Re1 Bd6 19.Bd2 Bd7 20.Bb4 Bxb4 21.axb4 a5 22.bxa5  1/2-1/2

[Event "Luzern ol (Men)"]
[Site "Luzern"]
[Date "1982.??.??"]
[Round "9"]
[White "Hoelzl, Franz"]
[Black "Condie, Mark L"]
[Result "1/2-1/2"]
[WhiteElo "2355"]
[BlackElo "2320"]

1.c4 Nf6 2.Nc3 c5 3.Nf3 e6 4.g3 b6 5.Bg2 Bb7 6.O-O Be7 7.d4 cxd4 8.Qxd4 d6
9.Rd1 a6 10.b3 Nbd7 11.Qe3 Qc7 12.Nd4 Rc8 13.Bxb7 Qxb7 14.Bb2 Nb8 15.Rd2 O-O
16.Rad1 Rfd8 17.Ba3 Rc7 18.Nxe6 fxe6 19.Qxe6+ Kh8 20.Bxd6 Bxd6 21.Rxd6 Re8
22.Rd8 Re7 23.Qf5 Nbd7 24.Rxe8+ Rxe8 25.Rd6 Qc7 26.Qd3 h6 27.Qd4 Nc5 28.f3 Re6
29.Rxe6 Nxe6 30.Qe3 Qd6 31.Kf2 Kg8 32.Qd3 Qc5+ 33.Kg2 Kf7 34.e4 g5 35.Nd5 Qa3
36.Qc2 Qc5 37.Qd2 Nd7 38.h4 a5 39.hxg5 hxg5 40.f4 gxf4 41.gxf4 Qd4 42.Qxd4 Nxd4
43.Kf2 Nc2 44.Ke2 Nb4 45.Nc3 Ke6 46.Kd2 Nc5 47.Ke2 Nd7 48.a3 Na6 49.Nb1 Ndc5
50.Nd2 Nb8 51.b4 axb4 52.axb4 Nca6 53.b5 Nc5 54.Ke3 Nbd7 55.Kd4 Kd6 56.Nf3 Ne6+
57.Ke3 Kc5 58.Nd2 Nf6  1/2-1/2

[Event "Luzern ol (Men)"]
[Site "Luzern"]
[Date "1982.??.??"]
[Round "9"]
[White "Murrey, Jacob"]
[Black "Karlsson, Lars"]
[Result "1-0"]
[WhiteElo "2500"]
[BlackElo "2505"]

1.Nf3 c5 2.c4 Nf6 3.Nc3 g6 4.e4 d6 5.d4 cxd4 6.Nxd4 Bg7 7.Be2 Nc6 8.Be3 O-O
9.O-O Bd7 10.Rc1 a5 11.Ndb5 a4 12.f3 Qa5 13.Qe1 Ne5 14.Na3 Rfc8 15.h3 Qb4
16.Rb1 Be8 17.Qf2 Ned7 18.g4 e6 19.Nab5 Bf8 20.g5 Nh5 21.f4 Ng7 22.Qh4 d5
23.a3 Qe7 24.cxd5 exd5 25.Bg4 Rc6 26.e5 h5 27.Nxd5 Qd8 28.Rbd1 hxg4 29.hxg4 Ra5
30.Nf6+ Rxf6 31.gxf6 Rxb5 32.Rf2 Qc7 33.Rh2 Nh5 34.gxh5 Nxe5 35.fxe5 Qxe5
36.Qd4 Qg3+ 37.Rg2 Qf3 38.hxg6 Bc5 39.gxf7+ Kxf7 40.Qc4+ Kxf6 41.Bd4+  1-0

[Event "Luzern ol (Men)"]
[Site "Luzern"]
[Date "1982.??.??"]
[Round "10"]
[White "Smejkal, Jan"]
[Black "Gheorghiu, Florin"]
[Result "1-0"]
[WhiteElo "2565"]
[BlackElo "2535"]

1.c4 c5 2.Nf3 Nf6 3.Nc3 e6 4.g3 b6 5.Bg2 Bb7 6.O-O Be7 7.b3 d5 8.e3 O-O 9.Bb2 dxc4
10.bxc4 Nc6 11.d3 a6 12.Qe2 Qc7 13.Rab1 Rfd8 14.Rfd1 Rab8 15.Ba1 Na7 16.a4 Nc6
17.Ne1 Na5 18.f4 Bxg2 19.Nxg2 Rd7 20.Rf1 Nc6 21.Rbd1 Nb4 22.g4 Rbd8 23.Ne1 Ne8
24.g5 Bf8 25.Rf3 f5 26.gxf6 Nxf6 27.Rg3 Kh8 28.Rg2 Qb7 29.Na2 Qc6 30.Nc3 Qb7
31.h4 Rd6 32.Na2 Nxa2 33.Qxa2 Qf7 34.Qe2 Qe8 35.Be5 R6d7 36.Nf3 Rb7 37.Qc2 Bd6
38.Bb2 Qh5 39.Rf1 Ng4 40.Qe2 Nf6 41.Rg5 Qe8 42.Kh1 h6 43.Rg2 Qh5 44.Rfg1 Rf8
45.Rg6 e5 46.Qg2 Ne8 47.Rg4 Re7 48.Nxe5 Bxe5 49.Bxe5 Rxe5 50.fxe5 Qxe5 51.Re4 Qc7
52.Qg3 Qd7 53.Qg4 Qf7 54.Qg6 Qd7 55.Qg4 Qf7 56.Rf4 Nf6 57.Qf3 Qd7 58.e4  1-0

[Event "Luzern ol (Men)"]
[Site "Luzern"]
[Date "1982.??.??"]
[Round "10"]
[White "Suba, Mihai"]
[Black "Ftacnik, Lubomir"]
[Result "1/2-1/2"]
[WhiteElo "2525"]
[BlackElo "2535"]

1.c4 Nf6 2.Nc3 c5 3.Nf3 e6 4.g3 b6 5.Bg2 Bb7 6.O-O Be7 7.d4 cxd4 8.Qxd4 d6
9.Rd1 a6 10.b3 Nbd7 11.e4 Qb8 12.Bb2 O-O 13.Ne1 Rc8 14.Qe3 Re8 15.Qe2 Qc7
16.Kh1 Rad8 17.f4 Qb8 18.Rd2 b5 19.cxb5 axb5 20.Nc2 Qa8 21.Re1 b4 22.Nxb4 d5
23.a3 Nxe4 24.Nxe4 dxe4 25.Bxe4 Nc5 26.Bxb7 Qxb7+ 27.Kg1 Nxb3 28.Rxd8 Rxd8
29.Nd3 Nd4 30.Bxd4 Rxd4 31.f5 Rd6 32.Nf4 Rd4 33.Qg2 Qa7 34.Kh1 Qa5 35.Qf2 Rd2
36.Qe3 Bc5 37.Qe4 Rd4 38.Qe2 exf5 39.Qe8+ Bf8 40.Re7 Rd1+ 41.Kg2 Rd8 42.Qxf7+ Kh8
43.Ra7 Qc3 44.Kh3 Qd4 45.a4 Ba3 46.Rc7 Rf8 47.Qb3 Bd6 48.Rf7 Rxf7 49.Qxf7 Qxa4
50.Qe6 Bf8 51.Qxf5 Qe8 52.Ne6 Kg8 53.Qd5 Qf7 54.Kg2 h6 55.h4 h5 56.Qe4 Be7
57.Qa8+ Kh7 58.Qc8 Qg6 59.Qc4 Qf5  1/2-1/2

[Event "Luzern ol (Men)"]
[Site "Luzern"]
[Date "1982.??.??"]
[Round "10"]
[White "Wirthensohn, Heinz"]
[Black "Tal, Mihail"]
[Result "0-1"]
[WhiteElo "2435"]
[BlackElo "2610"]

1.c4 Nf6 2.Nc3 c5 3.Nf3 e6 4.e3 d5 5.cxd5 exd5 6.d4 Nc6 7.Be2 Be7 8.dxc5 Bxc5
9.O-O O-O 10.b3 a6 11.Bb2 Qd6 12.Rc1 Ba7 13.Re1 Re8 14.a3 Bg4 15.Rc2 Rad8
16.Rd2 d4 17.Nxd4 Nxd4 18.exd4 Bxd4 19.Bxg4 Rxe1+ 20.Qxe1 Nxg4 21.Ne4 Qxh2+
22.Kf1 Qh1+ 23.Ke2 Qxg2 24.Kd1 Qf3+ 25.Qe2 Qh1+ 26.Qe1 Qf3+ 27.Qe2 Qxb3+
28.Ke1 Ne5 29.Ng5 Bc3  0-1

[Event "Luzern ol (Men)"]
[Site "Luzern"]
[Date "1982.??.??"]
[Round "10"]
[White "Hoelzl, Franz"]
[Black "Muco, Fatos"]
[Result "1-0"]
[WhiteElo "2355"]
[BlackElo "2445"]

1.c4 Nf6 2.Nc3 c5 3.Nf3 e6 4.d4 cxd4 5.Nxd4 d6 6.g3 Be7 7.Bg2 a6 8.O-O O-O
9.b3 Qc7 10.Bb2 Nc6 11.Rc1 Nxd4 12.Qxd4 Rb8 13.Qa7 Bd7 14.Rfd1 Qc5 15.Qxc5 dxc5
16.Ne4 Rfd8 17.Be5 Rbc8 18.Bd6 Bc6 19.Bxc5 Nxe4 20.Bxe7 Rxd1+ 21.Rxd1 f6
22.Bb4 e5 23.Bh3 Ra8 24.Bd7 a5 25.Be6+ Kh8 26.Bxa5 g6 27.Rd8+ Rxd8 28.Bxd8 Kg7
29.Ba5 f5 30.f3 Nc5 31.Bc8 Kf7 32.Kf2 Nd7 33.Bc7 Ke6 34.a4 e4 35.a5  1-0

[Event "Luzern ol (Men)"]
[Site "Luzern"]
[Date "1982.??.??"]
[Round "11"]
[White "Hecht, Hans Joachim"]
[Black "Vilela, Jose Luis"]
[Result "0-1"]
[WhiteElo "2455"]
[BlackElo "2455"]

1.Nf3 c5 2.c4 Nf6 3.Nc3 e6 4.e3 Nc6 5.d4 d5 6.a3 a6 7.Bd3 dxc4 8.Bxc4 Be7
9.O-O b5 10.Bd3 cxd4 11.exd4 Bb7 12.Bg5 O-O 13.Rc1 Rc8 14.Bb1 Na5 15.Qd3 g6
16.Bh6 Re8 17.Ne5 Nc4 18.Nxc4 Rxc4 19.Rcd1 Qa8 20.Qh3 Rd8 21.Be3 Nd5 22.Nxd5 Bxd5
23.Bd3 Rcc8 24.Rfe1 Bf6 25.Bb1 Rd7 26.Qg3 Qb7 27.Bf4 b4 28.Be5 Bg7 29.h4 bxa3
30.bxa3 Qb2 31.Bxg7 Kxg7 32.h5 Rc3 33.Qf4 f6 34.hxg6 hxg6 35.Qg4 f5 36.Qf4 Qxa3
37.Rd2 Qd6 38.Qh4 Rd8  0-1

[Event "Luzern ol (Men)"]
[Site "Luzern"]
[Date "1982.??.??"]
[Round "11"]
[White "Schussler, Harry"]
[Black "Suba, Mihai"]
[Result "1/2-1/2"]
[WhiteElo "2495"]
[BlackElo "2525"]

1.Nf3 c5 2.c4 Nf6 3.Nc3 e6 4.g3 b6 5.Bg2 Bb7 6.O-O Be7 7.d4 cxd4 8.Qxd4 d6
9.Bg5 O-O 10.Rfd1 Nbd7 11.Nb5 d5 12.cxd5 Bxd5 13.Nc3 Bc6 14.Ne5 Nxe5 15.Qxe5 Qe8
16.Qc7 Bxg2 17.Kxg2 h6 18.Bf4 Bb4 19.Bd6 Bxd6 20.Rxd6 Qc8 21.Qxc8  1/2-1/2

[Event "Luzern ol (Men)"]
[Site "Luzern"]
[Date "1982.??.??"]
[Round "12"]
[White "Goonetilleke, L C."]
[Black "Houshan, A."]
[Result "0-1"]
[WhiteElo "2255"]
[BlackElo "2225"]

1.Nf3 Nf6 2.c4 c5 3.Nc3 e6 4.d4 cxd4 5.Nxd4 Bb4 6.Nb5 d5 7.Bf4 Na6 8.e3 Ne4
9.Nc7+ Nxc7 10.Qa4+ b5 11.Qxb4 a5 12.Qa3 b4 13.Qa4+ Bd7 14.Nb5 Nxb5 15.cxb5 O-O
16.Be2 Qb6 17.O-O Nc5 18.Qd1 Bxb5 19.Bxb5 Qxb5 20.Qg4 Qd3 21.Rad1 Qg6 22.Qe2 Qf6
23.g4 h6 24.f3 Na4 25.Rf2 Rfc8 26.Rg2 g5 27.Bg3 Rc5 28.f4 Rac8 29.fxg5 hxg5
30.Rf1 Qg6 31.Qf3 Rc1 32.Rf2 Rxf1+ 33.Kxf1 Nc5 34.Be5 Nd3 35.Bd4 Rc1+ 36.Kg2 Ne1+  0-1

[Event "Luzern ol (Men)"]
[Site "Luzern"]
[Date "1982.??.??"]
[Round "13"]
[White "Velikov, Petar"]
[Black "Hernandez, Roman"]
[Result "1/2-1/2"]
[WhiteElo "2485"]
[BlackElo "2435"]

1.Nf3 Nf6 2.c4 e6 3.Nc3 c5 4.g3 Nc6 5.Bg2 Be7 6.d4 d5 7.cxd5 exd5 8.O-O O-O
9.Bg5 cxd4 10.Nxd4 h6 11.Be3 Re8 12.Rc1 Bf8 13.Qa4 Bd7 14.Rfd1 Na5 15.Qc2 Rc8  1/2-1/2

[Event "Luzern ol (Men)"]
[Site "Luzern"]
[Date "1982.??.??"]
[Round "14"]
[White "Wirthensohn, Heinz"]
[Black "Kuligowski, Adam"]
[Result "0-1"]
[WhiteElo "2435"]
[BlackElo "2450"]

1.c4 c5 2.Nf3 Nf6 3.Nc3 e6 4.e3 d5 5.cxd5 exd5 6.d4 a6 7.Be2 c4 8.Ne5 b5
9.Bf3 Bb7 10.O-O Bd6 11.Qc2 b4 12.Qa4+ Ke7 13.Ne2 Qc7 14.Ng3 Rc8 15.Nf5+ Kf8
16.Nxd6 Qxd6 17.Qa5 Nc6 18.Nxc6 Bxc6 19.b3 Rcb8 20.bxc4 dxc4 21.Bxc6 Qxc6
22.Rb1 Qb5 23.Qc7 c3 24.Re1 a5 25.e4 Kg8 26.Qg3 Qc4 27.Bh6 Ne8 28.Ra1 Qxd4
29.Rad1 Qc4 30.Rd5 c2 31.Rxa5 Rc8 32.Rxa8 Rxa8 33.Bc1 Qxa2 34.Qe5 Qa1 35.Qd5 Qa5
36.Qc4 b3 37.Rf1 Qa4 38.Qc3 Rd8 39.f3 Qb5 40.Re1 Rd3 41.Qc8 h6 42.Kf2 b2
43.Bxb2 Qxb2 44.Qxe8+ Kh7  0-1

[Event "Manila"]
[Site "Manila"]
[Date "1982.??.??"]
[Round "?"]
[White "Mascarinas, Rico"]
[Black "Lobron, Eric"]
[Result "1-0"]
[WhiteElo "2410"]
[BlackElo "2470"]

1.c4 Nf6 2.Nc3 c5 3.Nf3 e6 4.g3 b6 5.Bg2 Bb7 6.O-O Be7 7.d4 cxd4 8.Nxd4 Bxg2
9.Kxg2 Qc8 10.Qd3 Nc6 11.b3 Ne5 12.Qd2 Qb7+ 13.f3 O-O 14.Bb2 Rad8 15.Rad1 Rfe8
16.e4 Bf8 17.Qe2 d5 18.f4 Nc6 19.Nxc6 Qxc6 20.exd5 exd5 21.Qf3 Bc5 22.Nxd5 Nxd5
23.cxd5 Qb5 24.Rfe1 f6 25.Bc3 Rxe1 26.Rxe1 Qd7 27.Rd1 Re8 28.Rd3 a5 29.Bd4 Rc8
30.Bxc5 Rxc5 31.Rd2 f5 32.d6 h6 33.Qe3 Kf7 34.Qd4 Rc6 35.Qd5+ Kg6 36.Kh3 Rc8
37.Qd4 Rc6 38.a3 Kh5 39.b4 axb4 40.axb4 Kg6 41.Qd5 Rc8 42.Re2 Rf8 43.Re7 Qd8
44.Qe5 Rf6 45.d7 b5 46.Qd5 Rf8 47.Qc6+  1-0

[Event "Manila"]
[Site "Manila"]
[Date "1982.??.??"]
[Round "?"]
[White "Mascarinas, Rico"]
[Black "Maninang, Rafaelito"]
[Result "1/2-1/2"]
[WhiteElo "2410"]
[BlackElo "2380"]

1.Nf3 c5 2.c4 Nf6 3.Nc3 e6 4.g3 b6 5.Bg2 Bb7 6.O-O Be7 7.d4 cxd4 8.Qxd4 d6
9.b3 O-O 10.Bb2 Qc7 11.Rfd1 a6 12.Ba3 Ne8 13.Rac1 Nd7 14.e4 Rd8 15.Qe3 Nc5
16.Nd4 Nf6 17.Bb2 Rfe8 18.h3 Bf8 19.g4 h6 20.Nde2 Qb8 21.Ng3 Ba8 22.Nce2 Ncd7
23.Nf4 b5 24.cxb5 Qxb5 25.Nfh5 Nxh5 26.Nxh5 Rc8 27.a4 Qa5 28.Bc3 Qd8 29.Bb4 Rxc1
30.Qxc1 Qb6 31.Qc3  1/2-1/2

[Event "Mar del Plata"]
[Site "Mar del Plata"]
[Date "1982.??.??"]
[Round "?"]
[White "Panno, Oscar"]
[Black "Karpov, Anatoly"]
[Result "1/2-1/2"]
[WhiteElo "2510"]
[BlackElo "2720"]

1.c4 c5 2.Nf3 Nf6 3.Nc3 e6 4.g3 Nc6 5.Bg2 d5 6.cxd5 Nxd5 7.O-O Be7 8.d4 O-O
9.Nxd5 exd5 10.dxc5 Bxc5 11.Ne1 d4 12.Nd3 Bb6 13.a4 Re8 14.Bd2 a6 15.Re1 Bf5
16.Nb4 Nxb4 17.Bxb4 Qd7 18.Rc1 Rac8 19.Rxc8 Rxc8 20.Qb3 Be6 21.Qa3 h6 22.Be4 Bd5
23.Bxd5 Qxd5 24.a5 Bd8 25.Rd1 Qc4 26.Rd3 Qc1+ 27.Kg2 Qc6+ 28.Rf3 Qb5 29.Qb3 Bf6
30.Bd2 Qc6 31.h4 Re8 32.Qd3 Re6 33.b4 Re4 34.Kg1 Qe6 35.Kf1 Be7 36.b5 Bc5
37.bxa6 bxa6 38.Be1 Ba7 39.Bd2 Re5 40.Rf4 h5 41.Qf3 Bc5 42.Qa8+ Kh7  1/2-1/2

[Event "Marbella zt-f"]
[Site "Marbella"]
[Date "1982.??.??"]
[Round "1"]
[White "Ligterink, Gert"]
[Black "Hebden, Mark"]
[Result "1-0"]
[WhiteElo "2455"]
[BlackElo "2400"]

1.Nf3 Nf6 2.c4 c5 3.Nc3 g6 4.e4 Bg7 5.d4 O-O 6.Be2 d6 7.O-O Bg4 8.d5 Na6
9.Bg5 Qa5 10.Nd2 Bxe2 11.Qxe2 Rfe8 12.f4 Nd7 13.e5 dxe5 14.f5 Nc7 15.Nde4 b5
16.cxb5 gxf5 17.Rxf5 c4 18.Raf1 f6 19.Qxc4 Qb6+ 20.Kh1 Kh8 21.Bh4 Rf8 22.Bf2 Qb7
23.d6 Nd5 24.Qc6 Rab8 25.dxe7 Nxe7 26.Qxb7 Rxb7 27.Rf3 Rfb8 28.Rd1 Ng6 29.Nd6 Rc7
30.Nd5 Rc2 31.Bxa7 Ra8 32.b6 Rxb2 33.a4 Nxb6 34.Bxb6 Rxa4 35.Be3 Raa2 36.Nc3 Ra8
37.Nf5 Bf8 38.Ne4 Ra6 39.h3 Rb4 40.Nfd6  1-0

[Event "Marbella zt-f"]
[Site "Marbella"]
[Date "1982.??.??"]
[Round "2"]
[White "Stean, Michael"]
[Black "Ligterink, Gert"]
[Result "1-0"]
[WhiteElo "2505"]
[BlackElo "2455"]

1.c4 c5 2.Nf3 Nf6 3.Nc3 e6 4.g3 b6 5.Bg2 Bb7 6.O-O Be7 7.d4 cxd4 8.Qxd4 d6
9.Rd1 a6 10.b3 Nbd7 11.e4 Qc7 12.Ba3 Nc5 13.e5 dxe5 14.Qxe5 Qc8 15.Na4 Nfd7
16.Qxg7 Bf6 17.Qh6 Bxa1 18.Rxa1 Qc7 19.Nxc5 bxc5 20.Bb2 Rg8 21.Qxh7 O-O-O
22.Bc3 f5 23.Re1 Qd6 24.Nh4 Bxg2 25.Nxg2 Rgf8 26.Qh6 Rfe8 27.Ba5 Ne5 28.Qe3 Nd3
29.Rd1  1-0

[Event "Marbella zt-A"]
[Site "Marbella"]
[Date "1982.??.??"]
[Round "11"]
[White "Doyle, Anthony"]
[Black "Ligterink, Gert"]
[Result "0-1"]
[WhiteElo "2235"]
[BlackElo "2455"]

1.Nf3 c5 2.c4 Nf6 3.Nc3 e6 4.g3 b6 5.Bg2 Bb7 6.O-O Be7 7.b3 O-O 8.Bb2 d6
9.e3 Nbd7 10.Qe2 a6 11.Rfd1 Qc7 12.d4 Ne4 13.Nxe4 Bxe4 14.Ne1 Bxg2 15.Nxg2 Qb7
16.dxc5 bxc5 17.Nf4 a5 18.Rab1 a4 19.Bc3 Qc6 20.f3 Ra6 21.e4 axb3 22.axb3 Rb8
23.Nd5 Bd8 24.b4 Qa8 25.Nf4 cxb4 26.Rxb4 Rxb4 27.Bxb4 Be7 28.Nd3 Qc6 29.Rc1 Ra4
30.Kg2 h6 31.Kh3 Qa6 32.Qd2 Bg5 33.f4 Bf6 34.Rc2 Qc6 35.Qe2 Bd4 36.Rc1 e5
37.fxe5 dxe5 38.c5 Nf6 39.Rc2 Nxe4 40.Bd2 f5 41.Bc1 g5 42.g4 h5  0-1

[Event "Moscow-ch"]
[Site "Moscow"]
[Date "1982.??.??"]
[Round "5"]
[White "Makarichev, Sergey"]
[Black "Lutikov, Anatoly S"]
[Result "1/2-1/2"]
[WhiteElo "2505"]
[BlackElo "2390"]

1.Nf3 Nf6 2.c4 e6 3.Nc3 c5 4.g3 b6 5.Bg2 Bb7 6.O-O Be7 7.d4 cxd4 8.Qxd4 O-O
9.Rd1 d6 10.b3 Nbd7 11.Bb2 a6 12.Ng5 Bxg2 13.Kxg2 Qc7 14.Kg1  1/2-1/2

[Event "Moscow-ch"]
[Site "Moscow"]
[Date "1982.??.??"]
[Round "13"]
[White "Averbakh, Yuri L"]
[Black "Andrianov, Nikolai"]
[Result "0-1"]
[WhiteElo "2490"]
[BlackElo "2435"]

1.c4 Nf6 2.Nc3 c5 3.Nf3 e6 4.e3 Nc6 5.d4 d5 6.cxd5 exd5 7.Be2 cxd4 8.Nxd4 Bd6
9.O-O O-O 10.Nf3 a6 11.b3 Re8 12.Bb2 Bc7 13.Qd3 Qd6 14.g3 Bg4 15.Nd4 Ne5
16.Qc2 Bh3 17.Rfd1 Rad8 18.Ncb5 axb5 19.Nxb5 Qb4 20.a3 Qf8 21.Qxc7 Rd7 22.Qb6 Qe7
23.Qd4 Bg4 24.Bxg4 Nfxg4 25.Qf4 Qe6 26.Rac1 Ng6 27.Qf3 N4e5 28.Qh5 Rdd8 29.Nc7 Qf6
30.Ba1 Rf8 31.Nxd5 Qe6 32.e4 f6 33.Qf5 Qa6 34.h4 Qe2 35.Bxe5 fxe5 36.Nc3 Rxd1+
37.Rxd1 Qc2 38.Qe6+ Kh8 39.Rf1 Qxc3 40.h5 Rf6 41.Qd7 Nf8 42.Qxb7 Qf3 43.Qc8 Qxh5
44.f3 Qg5 45.Kg2 h6 46.Qc1 Qh5 47.a4 Ne6 48.Qd1 Ng5 49.Rh1 Qxf3+ 50.Qxf3 Rxf3
51.Rb1 Rc3 52.Rb2 Nxe4 53.a5 Rxg3+ 54.Kh2 Rg6 55.b4 Ra6 56.Re2 Nc3  0-1

[Event "Nijmegen"]
[Site "Nijmegen"]
[Date "1982.??.??"]
[Round "?"]
[White "Van Wijgerden, Cornelis"]
[Black "Borm, Franciscus WM"]
[Result "1-0"]
[WhiteElo "2425"]
[BlackElo "2345"]

1.c4 e6 2.Nc3 c5 3.Nf3 Nf6 4.g3 b6 5.Bg2 Bb7 6.O-O Be7 7.b3 O-O 8.Bb2 a6
9.e3 d5 10.cxd5 Nxd5 11.d4 cxd4 12.Nxd5 Bxd5 13.Bxd4 Nc6 14.Bb2 Bf6 15.Qe2 Bxb2
16.Qxb2 Qe7 17.Rfd1 Rfd8 18.Rd2 Be4 19.Rad1 Rxd2 20.Rxd2 Rd8 21.Qc3 g6 22.Rxd8+ Qxd8
23.Nd2 Bxg2 24.Kxg2 Qd5+ 25.e4 Qd7 26.Nf3 a5 27.h4 h5 28.Qe3 Qd8 29.Qh6 Qf8
30.Qd2 Qb4 31.Qxb4 Nxb4 32.a3 Nd3 33.Kf1 Kf8 34.Nd2 b5 35.Ke2 Nc5 36.Ke3 e5
37.f4 exf4+ 38.gxf4 Ke7 39.Kd4 Kd6 40.b4 axb4 41.axb4 Ne6+ 42.Ke3 f6 43.Nb1 Nd8
44.Nc3 Nc6 45.Nxb5+ Kd7 46.Nd4 Nxb4 47.f5 gxf5 48.Nxf5 Nc6 49.Ng7 Ne5 50.Nxh5 Ng6
51.Nxf6+ Ke6 52.h5 Ne5 53.Nd5 Ng4+ 54.Kf4 Nh6 55.Ne3 Kf6 56.Ng4+  1-0

[Event "Pamporovo"]
[Site "Pamporovo"]
[Date "1982.??.??"]
[Round "11"]
[White "Velikov, Petar"]
[Black "Minic, Dragoljub"]
[Result "1-0"]
[WhiteElo "2470"]
[BlackElo "2400"]

1.Nf3 c5 2.c4 Nf6 3.Nc3 d5 4.cxd5 Nxd5 5.d4 cxd4 6.Qxd4 Nxc3 7.Qxc3 Nc6 8.e4 e6
9.a3 Qa5 10.b4 Qd8 11.Bb2 Bd7 12.Rd1 Rc8 13.Qb3 f6 14.Bc4 Qe7 15.O-O Nd8
16.Nd4 a6 17.e5 b5 18.Be2 f5 19.Bf3 g6 20.Qe3 h5 21.Nb3 Bc6 22.Nc5 Qa7 23.Rxd8+  1-0

[Event "Plovdiv"]
[Site "Plovdiv"]
[Date "1982.??.??"]
[Round "1"]
[White "Commons, Kim S"]
[Black "Spassov, Liuben"]
[Result "1/2-1/2"]
[WhiteElo "2460"]
[BlackElo "2450"]

1.c4 Nf6 2.Nc3 c5 3.Nf3 e6 4.e3 Nc6 5.d4 d5 6.cxd5 exd5 7.Be2 cxd4 8.Nxd4 Bd6
9.O-O O-O 10.b3 Be5 11.Nxc6 bxc6 12.Bb2 Qd6 13.g3 Bh3 14.Re1 Rfe8 15.Bf3 Rad8
16.Rc1 Qe6  1/2-1/2

[Event "POL-ch"]
[Site "POL"]
[Date "1982.??.??"]
[Round "?"]
[White "Ksieski, Zbigniew"]
[Black "Adamski, Jan"]
[Result "1/2-1/2"]
[WhiteElo "2375"]
[BlackElo "2425"]

1.Nf3 c5 2.c4 Nf6 3.Nc3 d5 4.cxd5 Nxd5 5.d4 Nxc3 6.bxc3 g6 7.e4 Bg7 8.Rb1 O-O
9.Be2 b6 10.O-O Bb7 11.Qd3 Ba6 12.Qe3 Bxe2 13.Qxe2 Qc7 14.Bg5 h6 15.Bh4 cxd4
16.cxd4 e6 17.Rbc1 Qb7 18.Ne5 Nd7 19.Nc6 Rfe8 20.Qf3 g5 21.Bg3 Rac8 22.d5 Nc5
23.h4 exd5 24.exd5 Qd7 25.hxg5 hxg5 26.Rce1 g4 27.Qd1 Ne4 28.Bh4 f5 29.f3 Nc3
30.Ne7+ Rxe7 31.Rxe7 Qxe7 32.Bxe7 Nxd1 33.Rxd1  1/2-1/2

[Event "POL-ch"]
[Site "POL"]
[Date "1982.??.??"]
[Round "?"]
[White "Nowak, Ignacy"]
[Black "Maciejewski, Andrzej"]
[Result "1-0"]
[WhiteElo "2360"]
[BlackElo "2370"]

1.Nf3 c5 2.c4 Nf6 3.Nc3 g6 4.g3 Bg7 5.Bg2 O-O 6.d4 cxd4 7.Nxd4 Nc6 8.O-O Nxd4
9.Qxd4 d6 10.Qd3 a6 11.Be3 Qc7 12.Rac1 Bf5 13.Qd2 Rac8 14.Rfd1 Qd7 15.b3 b5
16.Nd5 Nxd5 17.Bxd5 Be6 18.Bxe6 Qxe6 19.cxb5 axb5 20.Rxc8 Rxc8 21.Qb4 Qd7
22.Rd5 Rc2 23.Qxb5 Qc8 24.a4 h5 25.Rd1 Rb2 26.a5 Qc2 27.Rc1 Rb1 28.Qc4 Rxc1+
29.Bxc1 Bc3 30.Bg5 Qd1+ 31.Kg2 Bxa5 32.Bxe7 Kg7 33.Qd3 Qxd3 34.exd3 Bb4 35.d4 f6
36.d5 Kf7 37.Bd8 Bc3 38.h3 Ke8 39.Bb6 Kd7 40.Kf3 Ke7 41.Ke4 Be1 42.g4 hxg4
43.hxg4 Kd7 44.Bd4 Ke7 45.f4 Bd2 46.f5 g5 47.Kd3 Ba5 48.Kc4 Bd8 49.Kb5  1-0

[Event "POL-ch"]
[Site "POL"]
[Date "1982.??.??"]
[Round "?"]
[White "Zoltek, Tadeusz"]
[Black "Bugajski, Robert"]
[Result "1/2-1/2"]
[WhiteElo "2300"]
[BlackElo "2315"]

1.c4 Nf6 2.Nc3 c5 3.Nf3 d5 4.cxd5 Nxd5 5.e3 Nc6 6.Bb5 e6 7.Ne5 Qc7 8.Nxc6 bxc6
9.Be2 Rb8 10.O-O Bd6 11.f4 g5 12.g3 h5 13.Bxh5 gxf4 14.Ne4 Ba6 15.d3 Ke7
16.exf4 Bxd3 17.Qxd3 Rxh5 18.b3 Rg8 19.Nxd6 Qxd6 20.Bb2 Qc7 21.Qf3 Rh3 22.Qf2 f6
23.Qxc5+ Kf7 24.Qd4 c5 25.Qe4 f5 26.Qf3 c4 27.Kg2 c3 28.Bxc3 Rh7 29.Bd4 Rg4
30.Kh1 Rh3 31.Be5 Qb6 32.Rg1 Rg6 33.Rae1 Rg8 34.Rc1 Rg6 35.Rcd1 Rxh2+ 36.Kxh2 Rh6+
37.Kg2 Ne3+ 38.Qxe3 Qxe3 39.Rge1 Qb6 40.Rd7+ Ke8 41.Rc7 Qa6 42.Rf1 Qe2+ 43.Rf2 Qd1
44.Rc8+ Kd7 45.Rc7+ Kd8 46.Rf1 Qe2+ 47.Rf2 Rh2+ 48.Kxh2 Qxf2+ 49.Kh3 Qxa2
50.Kh4 a5 51.Rc3 Qg2 52.Kg5 Qb7 53.Kg6 Ke8 54.Kh6 Kf8 55.Bd6+ Ke8 56.Be5 Kf8
57.Bd6+ Ke8 58.Be5 Qg2 59.Kg6 Qh3 60.Rc8+ Kd7 61.Rc7+ Kd8 62.Rc3 Kd7 63.Rc7+ Kd8
64.Rc3 Qh2 65.Bc7+ Kc8 66.Bxa5+ Kb7 67.Bc7 Qg2 68.Be5 Qd5 69.Kf6 Kb6 70.b4 Qa2
71.Rc8 Qh2 72.Rb8+ Kc6 73.Kxe6 Qxg3 74.Rc8+  1/2-1/2

[Event "Randers zt-f"]
[Site "Randers"]
[Date "1982.??.??"]
[Round "1"]
[White "Tiller, Bjorn"]
[Black "Lobron, Eric"]
[Result "1-0"]
[WhiteElo "2320"]
[BlackElo "2440"]

1.c4 Nf6 2.Nc3 c5 3.Nf3 e6 4.g3 b6 5.Bg2 Bb7 6.O-O Be7 7.d4 cxd4 8.Qxd4 d6
9.Rd1 a6 10.b3 Nbd7 11.e4 Ra7 12.Ba3 Nc5 13.e5 Bxf3 14.Bxf3 dxe5 15.Qxe5 Ncd7
16.Bxe7 Qxe7 17.Qe3 Rc7 18.Na4 Qb4 19.a3 Qa5 20.Rd6 Ke7 21.Rd4 Qe5 22.Qd2 Nc5
23.Re1 Qf5 24.Nxc5 Qxc5 25.Rd1 Rhc8 26.b4 Qe5 27.Be2 g5 28.Rd8 Ne4 29.Rd7+ Kf6
30.Qe3 Rxd7 31.Rxd7 Nd6 32.Qxe5+ Kxe5 33.f4+ gxf4 34.gxf4+ Kxf4 35.Rxd6 Ke3
36.Kf1 a5 37.Rxb6 Rd8 38.bxa5 Rd4  1-0

[Event "Randers zt-A"]
[Site "Randers"]
[Date "1982.??.??"]
[Round "7"]
[White "Arnason, Jon L"]
[Black "Tiller, Bjorn"]
[Result "1/2-1/2"]
[WhiteElo "2445"]
[BlackElo "2320"]

1.Nf3 Nf6 2.c4 c5 3.Nc3 e6 4.g3 b6 5.Bg2 Bb7 6.O-O Be7 7.Re1 d6 8.e4 a6 9.d4 cxd4
10.Nxd4 Qc7 11.Be3 O-O 12.Rc1 Nbd7 13.Rc2 Rac8 14.b3 Qb8 15.f4 Ba8 16.Bc1 Rcd8
17.Rd2 Rfe8 18.Bb2 Bf8 19.Bf3 e5 20.Nf5 g6 21.Ne3 exf4 22.gxf4 Nxe4 23.Bxe4 Bxe4
24.Nxe4 Rxe4 25.Nd5 Rde8 26.Rxe4 Rxe4 27.Qf3 Qe8 28.Qc3 f6 29.Qxf6 Nxf6 30.Nxf6+ Kf7
31.Nxe8 Kxe8 32.Bd4 b5 33.cxb5 axb5 34.a4 d5 35.Bf2 bxa4 36.bxa4 Rxf4 37.a5 Rg4+
38.Kf1 Ra4 39.Rxd5 Bb4 40.Bb6 Ra2 41.Rd8+ Ke7 42.Ra8 Bxa5 43.Bxa5 Rxh2 44.Kg1 Rh5
45.Ra6 Kf7 46.Bc3 Rc5 47.Bd4 Rd5 48.Be3 Re5 49.Kf2 g5 50.Kf3 Re6 51.Ra5 h6
52.Bd4 Kg6 53.Rb5 Kh5 54.Be5 Kg6 55.Ke4 Ra6 56.Rb4 Rc6 57.Rb8 Ra6 58.Rg8+ Kh5
59.Kf5 Ra2 60.Bd4 Ra5+ 61.Ke4 Kg4 62.Rb8 h5 63.Rb1 h4  1/2-1/2